Top 15 Ottoman Sultans - Statistics

General Stats
  • This quiz has been taken 47 times
  • The average score is 13 of 15
Answer Stats
Answer Hint % Correct
Mehmed 1 1413 - 1421
97%
Mehmed 2 1451 - 1481
97%
Osman 1 1299 - 1324
95%
Osman 2 1618 - 1622
95%
Suleiman 1 1520 - 1566
92%
Murat 4 1623 - 1640
89%
Abdulhamid 1 1774 - 1789
81%
Abdulhamid 2 1876 - 1909
81%
Selim 1 1512 - 1520
81%
Ahmed 1 1603 - 1617
78%
Ahmet 2 1691 - 1695
78%
Bayezid 1 1389 - 1402
78%
Bayezid 2 1481 - 1512
78%
Orhan 1324 - 1362
76%
Mahmud 2 1808 - 1839
65%
No matching quizzes found
Score Distribution
Percent of People with Each Score
Percentile by Number Answered
Your Score History
You have not taken this quiz